00393nam a2200109Ia 4500008004100000082002000041100003400061245003300095260004400128630001800172650009300190211109s9999||||xx |||||||||||||| ||und|| a894.8123bCHI-T aChidambara Natha Chettiyar, A 0aTherenjedutha Tamil Kathakal bSahithya Pravarthaka...aKottayamc1964 xGeneral Stack aMalayalam Literaturevmalayalam FictionMalayalam NovelMalayalam Short StoriesxMalayalam